000 00484nam a2200169Ia 4500
999 _c29536
_d29536
003 OSt
005 20201112124719.0
008 190216s9999||||xx |||||||||||||| ||und||
040 _coclc
082 _a894.8123
_bJAN/M
100 _aJanardhanan, P
_96538
245 0 _aManjukalathu Oru Minnalpinarpole /
_cP Janardhanan
260 _bKairali Books,
_aKannur:
_c2008.
300 _a191p
650 _aNovel
942 _cBK
_2ddc
_h894.8123
_iJAN/M
_k894.8123
_mJAN/M